000 00726cam a22002413a 4500
001 5661
003 PGUSA
005 20140828083123.0
008 040501s2004||||xxu|||||s|||||000 1 eng d
040 _aPGUSA
_beng
042 _adc
050 4 _aPS
100 1 _aBierce, Ambrose,
_d1842-1913
245 1 2 _aA Son of the Gods, and A Horseman in the Sky
_h[electronic resource] /
_cAmbrose Bierce
260 _bProject Gutenberg,
_c2004
506 _aPublic domain in the USA.
516 _aElectronic text
653 _aWar stories, American
653 _aUnited States -- History -- Civil War, 1861-1865 -- Fiction
830 0 _aProject Gutenberg
_v5661
856 4 0 _uhttp://www.gutenberg.org/ebooks/5661
942 _cEB
999 _c234989
_d234989